000 00707nam a2200289Ia 4500
005 20260324140544.0
008 008 260324s9999 xx 000 0 eng d
020 _a9780203738313
037 _aEBOOK
040 _aCRL
040 _beng
040 _cCRL
041 _2eng
041 _aeng
084 _qCRL
100 _aWayne P. Olson; Fred M. Nordhauser
_91204845
245 0 _aSterilization of Drugs and Devices
245 0 _bTechnologies for the 21st Century
260 _bTaylor and Francis
260 _c1998
365 _a
365 _b880
856 _uhttp://www.taylorfrancis.com/books/9780203738313
942 _cEBOOK
999 _c1807038
_d1807038